Welcome to Night Vale characters quiz! - Statistics

General Stats
  • This quiz has been taken 377 times
  • The average score is 9 of 15
Answer Stats
Hint Answer % Correct
Voice of the town. Cecil Gershwin Palmer
97%
Perfect, perfect hair. Carlos
90%
Cecil's Desert Bluffs twin. Kevin
77%
ALL HAIL THE MIGHTY GLOW CLOUD
72%
Live in the Dog Park. Hooded Figures
67%
Carries a deer skin suitcase- wait, what were we talking about? The man in the tan jacket.
65%
You know, the farmer? John Peters
64%
Accidentally became mayor. Intern/mayor Dana
62%
Station pet! Khosekh
58%
Brings scones to meetings. Steve Carlsberg
58%
Ran for mayor #1 Faceless old Woman who secretly lives in your home.
55%
Ran for mayor #2 Hiram McDaniels
47%
Smooth, fist-sized river rock. Sarah Sultan
19%
Became an angel during a live episode. Marcus Vanston
14%
Owner- er, community supporter of the town. Lauren Mallard
6%
No matching quizzes found
Score Distribution
Percent of People with Each Score
Percentile by Number Answered
Your Score History
You have not taken this quiz